000 00679nam a2200253Ia 4500
003 OSt
005 20221005115700.0
006 a|||||r|||| 00| 0
007 ta
008 221004b |||||||| |||| 00| 0 eng d
024 _a55750
037 _cTextual
040 _aCRL
_cCRL
_beng
041 _2eng
_aeng
082 _aV2:1:D8, J4
100 _aMajumdar R C Ed.
245 0 _aClassical age
260 _c1954
490 _aBharatiya Vidya Bhavan's history and culture of the Indian people; 3
650 _aHISTORY
700 _a Pusalker A D Ed.
942 _hV2:1:D8, J4
_cTEXL
_2cc
999 _c1035594
_d1035594